Statistiques concernant Gentilé des villes françaises (niveau difficile)

Cliquez ici pour prendre le quiz!

Statistiques générales

  • Ce quiz a été pris 56 fois
  • Le résultat moyen est 5 sur 15

Statistiques - réponses

HintRéponse% Correct
Saint BrieucBriochins
76%
BéziersBiterrois
56%
Saint MaloMalouins
56%
LimogesLimougeaud
54%
BesançonBisontins
44%
Saint-DenisDionysiens
42%
BourgesBerruyers
36%
GapGapençais
34%
RodezRuthénois
34%
ArrasArrageois
28%
BloisBlésois
22%
EvreuxEbroïciens
22%
FoixFuxéens
18%
AuchAuscitains
12%
Fort de FranceFoyalais
12%

Distribution des résultats

Percentile par nombre de réponses

% des personnes avec chaque résultat

Votre développement - résultats

Vous n’avez pas pris ce quiz